| 000 | 00512nam a22001697a 4500 | ||
|---|---|---|---|
| 999 |
_c62229 _d62229 |
||
| 005 | 20240823155442.0 | ||
| 008 | 240823c2004 enk||||| |||| 00| 0 eng d | ||
| 022 | _a0264 3758 | ||
| 041 | _aeng | ||
| 245 |
_aJournal of Applied Philosophy : _b 2004 / _cEditor Suzanne Uniacke. |
||
| 260 |
_aOxford : _b Blackwell, _c2004. |
||
| 300 | _aV. | ||
| 653 | _aფილოსოფია | ||
| 653 | _aპერიოდიკა | ||
| 700 |
_a Uniacke, Suzanne _eრედაქტორი _923115 |
||
| 942 |
_2udc _cCR |
||